<?xml version="1.0" encoding="UTF-8"?><?xml-stylesheet type="text/xsl" href="static/style.xsl"?><OAI-PMH xmlns="http://www.openarchives.org/OAI/2.0/" xmlns:xsi="http://www.w3.org/2001/XMLSchema-instance" xsi:schemaLocation="http://www.openarchives.org/OAI/2.0/ http://www.openarchives.org/OAI/2.0/OAI-PMH.xsd"><responseDate>2026-04-13T07:27:10Z</responseDate><request verb="GetRecord" identifier="oai:www.recercat.cat:2117/349676" metadataPrefix="marc">https://recercat.cat/oai/request</request><GetRecord><record><header><identifier>oai:recercat.cat:2117/349676</identifier><datestamp>2026-01-24T03:53:33Z</datestamp><setSpec>com_2072_1033</setSpec><setSpec>col_2072_452950</setSpec></header><metadata><record xmlns="http://www.loc.gov/MARC21/slim" xmlns:dcterms="http://purl.org/dc/terms/" xmlns:xsi="http://www.w3.org/2001/XMLSchema-instance" xmlns:doc="http://www.lyncode.com/xoai" xsi:schemaLocation="http://www.loc.gov/MARC21/slim http://www.loc.gov/standards/marcxml/schema/MARC21slim.xsd">
   <leader>00925njm 22002777a 4500</leader>
   <datafield ind2=" " ind1=" " tag="042">
      <subfield code="a">dc</subfield>
   </datafield>
   <datafield ind2=" " ind1=" " tag="720">
      <subfield code="a">Carreño Luengo, Hugo</subfield>
      <subfield code="e">author</subfield>
   </datafield>
   <datafield ind2=" " ind1=" " tag="720">
      <subfield code="a">Camps Carmona, Adriano José</subfield>
      <subfield code="e">author</subfield>
   </datafield>
   <datafield ind2=" " ind1=" " tag="720">
      <subfield code="a">Ruf, Chris</subfield>
      <subfield code="e">author</subfield>
   </datafield>
   <datafield ind2=" " ind1=" " tag="720">
      <subfield code="a">Floury, Nicolas</subfield>
      <subfield code="e">author</subfield>
   </datafield>
   <datafield ind2=" " ind1=" " tag="720">
      <subfield code="a">Martín Neira, Manuel</subfield>
      <subfield code="e">author</subfield>
   </datafield>
   <datafield ind2=" " ind1=" " tag="720">
      <subfield code="a">Wang, Tianlin</subfield>
      <subfield code="e">author</subfield>
   </datafield>
   <datafield ind2=" " ind1=" " tag="720">
      <subfield code="a">Khalsa, Siri Jodha</subfield>
      <subfield code="e">author</subfield>
   </datafield>
   <datafield ind2=" " ind1=" " tag="720">
      <subfield code="a">Clarizia, Maria Paola</subfield>
      <subfield code="e">author</subfield>
   </datafield>
   <datafield ind2=" " ind1=" " tag="720">
      <subfield code="a">Reynolds, Jennifer</subfield>
      <subfield code="e">author</subfield>
   </datafield>
   <datafield ind2=" " ind1=" " tag="720">
      <subfield code="a">Johnson, Joel</subfield>
      <subfield code="e">author</subfield>
   </datafield>
   <datafield ind2=" " ind1=" " tag="720">
      <subfield code="a">O’Brien, Andrew</subfield>
      <subfield code="e">author</subfield>
   </datafield>
   <datafield ind2=" " ind1=" " tag="720">
      <subfield code="a">Galdi, Carmela</subfield>
      <subfield code="e">author</subfield>
   </datafield>
   <datafield ind2=" " ind1=" " tag="720">
      <subfield code="a">di Bisceglie, Maurizio</subfield>
      <subfield code="e">author</subfield>
   </datafield>
   <datafield ind2=" " ind1=" " tag="720">
      <subfield code="a">Dielacher, Andreas</subfield>
      <subfield code="e">author</subfield>
   </datafield>
   <datafield ind2=" " ind1=" " tag="260">
      <subfield code="c">2021-06-16</subfield>
   </datafield>
   <datafield ind2=" " ind1=" " tag="520">
      <subfield code="a">The Institute of Electrical and Electronics Engineers (IEEE) Geoscience and Remote Sensing Society (GRSS) created the GRSS “Standards for Earth Observation Technical Committee” to advance the usability of remote sensing products by experts from academia, industry, and government through the creation and promotion of standards and best practices. In February 2019, a Project Authorization Request was approved by the IEEE Standards Association (IEEE-SA) with the title “Standard for Spaceborne Global Navigation Satellite Systems Reflectometry (GNSS-R) Data and Metadata Content.” At present, 4 GNSS constellations cover the Earth with their navigation signals: The United States of America (USA) Global Positioning System GPS with 31 Medium Earth Orbit (MEO) operational satellites, the Russian GLObal’naya NAvigatsionnaya Sputnikovaya Sistema GLONASS with 24 MEO operational satellites, the European Galileo with 24 MEO operational satellites, and the Chinese BeiDou-3 with 3 Inclined GeoSynchronous Orbit (IGSO), 24 MEO, and 2 Geosynchronous Equatorial Orbit (GEO) operational satellites. Additionally, several regional navigation constellations increase the number of available signals for remote sensing purposes: the Japanese Quasi-Zenith Satellite System QZSS with 1 GSO and 3 Tundra-type orbit operational satellites, and the Indian Regional Navigation Satellite System IRNSS with 3 GEO and 4 IGSO operational satellites. On the other hand, there are different GNSS-R processing techniques, instruments and spaceborne missions, and a wide variety of retrieval algorithms have been used. The heterogeneous nature of these signals of opportunity as well as the numerous working methodologies justify the need of a standard to further advance in the development of GNSS-R towards an operational Earth Observation technique. In particular, the scope of this working group is to develop a standard for data and metadata content arising from past, present, and future spaceborne missions such as the United Kingdom (UK) TechDemoSat-1 TDS-1, and the National Aeronautics and Space Administration (NASA) CYclone Global Navigation Satellite System CYGNSS constellation coordinated by the University of Michigan (UM). In this article we describe the scene study, including fundamental aspects, scientific applications, and historical milestones. The spaceborne standard is under development and it will be published in IEEE-SA.</subfield>
   </datafield>
   <datafield ind2=" " ind1=" " tag="520">
      <subfield code="a">This work was supported in part by the National Aeronautics and Space Administration (NASA) Science Mission Directorate with the University of Michigan under Contract NNL13AQ00C.</subfield>
   </datafield>
   <datafield ind2=" " ind1=" " tag="520">
      <subfield code="a">Peer Reviewed</subfield>
   </datafield>
   <datafield ind2=" " ind1=" " tag="520">
      <subfield code="a">Article signat per 25 autors/es:&#xd;
Hugo Carreno-Luengo, University of Michigan (UM), Ann Arbor, MI, USA / Adriano Camps, CommSensLab-UPC, Universitat Politecnica de Catalunya (UPC), Barcelona, Spain / Chris Ruf, University of Michigan (UM), Ann Arbor, MI, USA / Nicolas Floury, European Space Research and Technology Center (ESTEC), European Space Agency (ESA), Noordwijk, The Netherlands / Manuel Martin-Neira, European Space Research and Technology Center (ESTEC), European Space Agency (ESA), Noordwijk, The Netherlands / Tianlin Wang, University of Michigan (UM), Ann Arbor, MI, USA / Siri Jodha Khalsa, National Snow and Ice Data Center (NSIDC), University of Colorado, Boulder, CO, USA / Maria Paola Clarizia, Deimos Space UK, Didcot, U.K. / Jennifer Reynolds, Deimos Space UK, Didcot, U.K. / Joel Johnson, Electrical and Computer Engineering, The Ohio State University, Columbus, OH, USA / Andrew O’Brien, Electrical and Computer Engineering, The Ohio State University, Columbus, OH, USA / Carmela Galdi, Universita degli Studi del Sannio, Benevento, Italy / Maurizio Di Bisceglie, Universita degli Studi del Sannio, Benevento, Italy / Andreas Dielacher, RUAG Space GmbH, Vienna, Austria / Philip Jales, Spire Global, Boulder, CO, USA / Martin Unwin, Surrey Satellite Technology Ltd. (SSTL), Guildford, U.K. / Lucinda King, Surrey Space Centre, University of Surrey, Guildford, U.K. / Giuseppe Foti, National Oceanography Center (NOC), Southampton, U.K. / Rashmi Shah, Jet Propulsion Laboratory (JPL), California Institute of Technology, Pasadena, CA, USA / Daniel Pascual, Deimos Space UK, Didcot, U.K. / Bill Schreiner, University Corporation for Atmospheric Research (UCAR), Boulder, CO, USA / Milad Asgarimehr, German Research Centre for Geosciences (GFZ), Potsdam, Germany / Jens Wickert, German Research Centre for Geosciences (GFZ), Potsdam, Germany, Institute of Geodesy and Geoinformation Science, Technische Universität Berlin, Berlin, Germany / Serni Ribo, Instiut d’Estudis Espacials de Catalunya (IEEC), Barcelona, Spain, Institute of Space Sciences (ICE), Barcelona, Spain / Estel Cardellach, Instiut d’Estudis Espacials de Catalunya (IEEC), Barcelona, Spain, Institute of Space Sciences (ICE), Barcelona, Spain.</subfield>
   </datafield>
   <datafield ind2=" " ind1=" " tag="520">
      <subfield code="a">Postprint (published version)</subfield>
   </datafield>
   <datafield tag="653" ind2=" " ind1=" ">
      <subfield code="a">Àrees temàtiques de la UPC::Enginyeria de la telecomunicació::Radiocomunicació i exploració electromagnètica::Satèl·lits i ràdioenllaços</subfield>
   </datafield>
   <datafield tag="653" ind2=" " ind1=" ">
      <subfield code="a">Artificial satellites</subfield>
   </datafield>
   <datafield tag="653" ind2=" " ind1=" ">
      <subfield code="a">Standardization</subfield>
   </datafield>
   <datafield tag="653" ind2=" " ind1=" ">
      <subfield code="a">GNSS-R</subfield>
   </datafield>
   <datafield tag="653" ind2=" " ind1=" ">
      <subfield code="a">IEEE standards association</subfield>
   </datafield>
   <datafield tag="653" ind2=" " ind1=" ">
      <subfield code="a">Satellite missions</subfield>
   </datafield>
   <datafield tag="653" ind2=" " ind1=" ">
      <subfield code="a">Earth remote sensing</subfield>
   </datafield>
   <datafield tag="653" ind2=" " ind1=" ">
      <subfield code="a">Satèl·lits artificials</subfield>
   </datafield>
   <datafield tag="653" ind2=" " ind1=" ">
      <subfield code="a">Normalització</subfield>
   </datafield>
   <datafield ind2="0" ind1="0" tag="245">
      <subfield code="a">The IEEE-SA Working Group on Spaceborne GNSS-R: Scene study</subfield>
   </datafield>
</record></metadata></record></GetRecord></OAI-PMH>